Fuṣūl muntaḫaba /

محفوظ في:

المؤلف الرئيسي: Yakan, Walī al-Dīn, 1873-1921 (مؤلف)

مؤلفون آخرون: Bustānī, Fuʾād Afrām.

التنسيق: كتاب

اللغة: Arabic

سلاسل: Rawāʼiʻ ; 23.

الموضوعات:

الوسوم: إضافة وسم

لا توجد وسوم, كن أول من يضع وسما على هذه التسجيلة!

رقم الطلب:

LEADER 01348nam a2200241Ia 4500
005 20200201020324.0
008 130303s1929 le g 000 0 ara d
100 1 |6 880-01  |a Yakan, Walī al-Dīn,  |d 1873-1921,  |e author. 
880 1 |6 100-01/(3/r  |a يكن، ولي الدين،‪‪‪‪‪‪‪‪‪‪‪‪‪‪‪‪‪‪‪‪‪‪‪‪‪‪‪‪‪‪‪  |d 1873-1921. 
245 1 0 |6 880-02  |a Fuṣūl muntaḫaba /  |c Walī-ad-Dīn Yakan, Dars wa-muntah̲abāt bi-qalam Fuʼād Afrām al-Bustānī. 
880 1 0 |6 245-02/(3/r  |a فصول منتخبة /‪‪‪‪‪‪‪‪‪‪‪‪‪‪‪‪‪‪‪‪‪‪‪‪‪‪‪‪‪‪‪  |c ولي الدين يكن، درس و منتخبات بقلم فؤاد أفرام البستاني.‪‪‪‪‪‪‪‪‪‪‪‪‪‪‪‪‪‪‪‪‪‪‪‪‪‪‪‪‪‪‪ 
264 1 |a Bayrūt :  |b al-Maṭbaʻah al-Kāthūlīkīyah,  |c 1929. 
300 |a 22 pages ;  |c 24 cm. 
336 |a text  |b txt  |2 rdacontent 
337 |a unmediated  |b n  |2 rdamedia 
338 |a volume  |b nc  |2 rdacarrier 
490 1 |a Rawāʼiʻ ;  |v 23 
650 0 |a Arabic poetry  |x History and criticism. 
700 1 |a Bustānī, Fuʾād Afrām. 
830 0 |a Rawāʼiʻ ;  |v 23. 
952 |0 0  |1 0  |2 lcc  |4 0  |7 1  |9 28949  |a ARCE  |b ARCE  |d 2022-01-25  |l 0  |r 2022-01-25 00:00:00  |w 2022-01-25  |y BK 
999 |c 27075  |d 27075 
942 |c BK  |2 lcc